000 00465nam a2200181Ia 4500
008 240925s9999 xx 000 0 und d
020 _a9789380386133
082 _a621.319 GUP
100 _aBali ,N. P.
245 0 _aSolution Manual to Engineering Mathematics
250 _aNA
260 _aNew Delhi:
_bS. K. Kataria
_c,2011.
300 _av,674p.
_bN.A
_fOriginal
500 _aNA
600 _aElectronic Engineering
650 _aTechnology
942 _cBK
999 _c11251
_d11251